00981 2200289 4500001002100000005001500021035002000036007000300056008004100059020002200100082000800122084001400130100003700144245004900181250000900230300003100239700003300270700004100303700003300344700003300377700002200410264004600432336007200478337001900550338002700569856009500596INLIS00000000000006420240926043646 a0010-0924000005ta240926 0 eng  a978-602-427-942-4 a410 a410 IKA e0 aIka Lestari DamayantiePengarang1 aEnglish For Nusantara untuk SMP/MTS Kelas IX a2024 a368 :bilus ;c17,6 x 25cm0 aYusnita FebriantiePengarang0 aPipit Prihartanti SuhartoePengarang0 aIyen NurlaelawatiePengarang0 aAji Jehan FellaniePengarang0 aHendraePengarang aJakarta Selatan :bPusat Perbukuan,c2024 2rdacontentaBahan ajar English For Nusantara untuk SMP/MTS kelas IX 2rdamediaaBuku 2rdacarrieraSoft Cover ahttps://static.buku.kemdikbud.go.id/content/pdf/bukuteks/kurikulum21/Inggris_BS_KLS_IX.pdf